01012nam a2200193 a 450000100100000000500170001000800410002702000180006804000250008610000250011124501670013626001150030330000200041870000300043895201110046895201170057995201050069699900170080100003999120201002033842.0130802s2010 mx 000 0 spa d a9786070212307 aDO-SdBNPbspacBNPHU1 aGlantz, Margo96621710aJosé Gorostiza y Juan Rulfo :bdiscurso de ingreso a la Academia Mexicana de la Lengua,21 de noviembre de 1996 /cMargo Glantz ; respuesta de Carlos Montemayor. aMéxico :bDirección General de Publicaciones y Fomento Editorial :bAcademia Mexicana de la Lengua,c2010. a82 p. ;c18 cm.1 aMontemayor, Carlos933611 001050718MOaGRbGRcCTd2013-08-02iLF1l0o p39991-10r2020-06-25te. 2w2020-06-25y1ZNo se presta 001052708MOaGRbGRcCTd2013-08-02iLF1l0o p39991-20r2020-06-25te. 3w2020-06-25y2ZPréstamo interno 001050718MOaGRbGRcCTd2013-08-02iLF1l0o p39991-30r2020-06-25w2020-06-25y1ZNo se presta c39481d39481